The tamils: A portrait of a community (Record no. 1308850)

MARC details
000 -LEADER
fixed length control field 01146nam a2200217 4500
005 - DATE AND TIME OF LATEST TRANSACTION
control field 20250411100120.0
008 - FIXED-LENGTH DATA ELEMENTS--GENERAL INFORMATION
fixed length control field 250411b |||||||| |||| 00| 0 eng d
020 ## - INTERNATIONAL STANDARD BOOK NUMBER
International Standard Book Number 9788119635078
037 ## - SOURCE OF ACQUISITION
Terms of availability Textual
040 ## - CATALOGING SOURCE
Original cataloging agency RTL
Transcribing agency RTL
084 ## - COLON CLASSIFICATION NUMBER
Classification number Y73(P31).211 R5
Assigning agency RTL
100 ## - MAIN ENTRY--PERSONAL NAME
Personal name Lakshman Nirmala
9 (RLIN) 752127
245 ## - TITLE STATEMENT
Title The tamils: A portrait of a community
260 ## - PUBLICATION, DISTRIBUTION, ETC.
Place of publication, distribution, etc. New Delhi
Name of publisher, distributor, etc. Aleph book company
Date of publication, distribution, etc. 2025
300 ## - PHYSICAL DESCRIPTION
Extent ix, 442 p. ill.
Other physical details Includes bibliographical reference and index
521 ## - TARGET AUDIENCE NOTE
Target audience note Tamils: A Portrait of a Community Nearly 90 million people around the world identify as Tamil, a proud and ancient community with a unique language, history, and culture. The Tamil people have given India and the world some of its most iconic revolutionaries and political leaders, industrialists, philosophers, sportspeople, scientists, and mathematicians (including winners of the Nobel Prize), and celebrated writers, poets, dancers, musicians, and actors
650 ## - SUBJECT ADDED ENTRY--TOPICAL TERM
Topical term or geographic name entry element Tamils cultural society
9 (RLIN) 752128
650 ## - SUBJECT ADDED ENTRY--TOPICAL TERM
Topical term or geographic name entry element Culture of Madras
9 (RLIN) 752129
650 ## - SUBJECT ADDED ENTRY--TOPICAL TERM
Topical term or geographic name entry element History of tamils
9 (RLIN) 752130
942 ## - ADDED ENTRY ELEMENTS (KOHA)
Source of classification or shelving scheme Colon Classification (CC)
Suppress in OPAC No
Koha item type Textbook
Classification part Y73(P31).211 R5
Holdings
Withdrawn status Lost status Source of classification or shelving scheme Damaged status Not for loan Home library Current library Date acquired Total Checkouts Full call number Barcode Date last seen Price effective from Koha item type
    Colon Classification (CC)     Ratan Tata Library Ratan Tata Library 2025-04-11   Y73(P31).211 R5 RT1585268 2025-04-11 2025-04-11 Textbook
Copyright @ Delhi University Library System